Statistics for Kings & Queens of Pop Music

Click here to take the quiz!

General Stats

  • This quiz has been taken 87 times
  • The average score is 8 of 16

Answer Stats

HintDecadeAnswer% Correct
King1980sMichael Jackson
95%
Princess / Queen2000sBritney Spears
71%
Queen1980sJanet Jackson
71%
Queen1980sMadonna
70%
King1950sElvis Presley
67%
Queen1980sWhitney Houston
52%
Queen2010sTaylor Swift
49%
King1980sGeorge Michael
46%
Queen / Princess2010sLady Gaga
46%
Queen1990sMariah Carey
45%
Princess2010sAriana Grande
38%
Prince2010sJustin Bieber
37%
Queen1990sCeline Dion
29%
King / Prince2000sJustin Timberlake
24%
Princess / Queen1990sKylie Minogue
12%
Princess1960sDionne Warwick
2%

Score Distribution

Percentile by Number Answered

Percent of People with Each Score

Your Score History

You have not taken this quiz